The treaty-making power in the Commonwealth of Australia.

Enregistré dans:
Détails bibliographiques
Auteur principal: Doeker-Mach, Günther, 1933-
Format: Livre
Langue:English
Publié: The Hague : M. Nijhoff, 1966.
Sujets:
LEADER 00806nam a2200217 i 4500
001 c000247317
003 CARM
005 00000000000000.0
008 840311s1966 ne 0 eng d
019 1 |a 2528368  |z 27824129  |5 LACONCORD2021 
035 |a (OCoLC)5019554  |5 LACONCORD2021 
082 0 4 |a 341.294 
100 1 |a Doeker-Mach, Günther,  |d 1933- 
245 1 4 |a The treaty-making power in the Commonwealth of Australia. 
260 |a The Hague :  |b M. Nijhoff,  |c 1966. 
300 |a 279 p. 
500 |a Bibliography: p.[263]-273. 
650 0 |a Treaty-making power  |z Australia. 
852 8 |b CARM  |h A1:AP07F0  |i C08795  |p 0338052  |f BK 
999 f f |i 71c3d26e-1af9-5dae-b7fe-1cf70f8ce80f  |s 291f57a3-4d7a-530c-96ea-aea064454325 
952 f f |p Can circulate  |a CAVAL  |b CAVAL  |c CAVAL  |d CARM 1 Store  |e C08795  |f A1:AP07F0  |h Other scheme  |i book  |m 0338052